000 00273nam a22001337a 4500
082 _a894.812.3
_bTHO/K
100 _aTHOYAKKAV, C.J.JOSE
245 _aKOODHASA
260 _aALUVA
_bPEN BOOKS LTD
_c2003
300 _a136
520 _aNOVEL
650 _aNOVEL
942 _cBK
999 _c5146
_d5146